| 000 | 00693nam a2200205 i 4500 | ||
|---|---|---|---|
| 001 | 71600 | ||
| 003 | ES-MaACL | ||
| 005 | 20230906171155.0 | ||
| 007 | t| | ||
| 008 | 040813s1916 fr ||||1| fre d | ||
| 100 | 1 |
_aGeorge, David Lloyd. _956379 |
|
| 245 | 1 | 3 |
_aLa victoire en marche / _cpar David Lloyd George ; traduit d'apres l'arrangement de F.L. Stevenson, par Ch. M. Garnier et M. Mantoux. |
| 260 |
_aParís : _b[s.n., _c1916] ( _fChronographie Française) |
||
| 300 |
_aXIV, 264 p. ; _c19 cm. |
||
| 650 | 0 | 4 |
_aGuerra mundial, 1914-1918. _913212 |
| 700 | 1 |
_aStevenson, F. L. _9108166 |
|
| 700 | 1 |
_aGarnier, Ch. M. _955605 |
|
| 700 | 1 |
_aMantoux, M. _976170 |
|
| 852 |
_aES-MaACL _jF-4597 |
||
| 999 |
_c71600 _d71600 |
||